War and Peace in the Space Age/ (Record no. 13060)
[ view plain ]
| 000 -LEADER | |
|---|---|
| fixed length control field | 00897cam a22002531 4500 |
| 001 - CONTROL NUMBER | |
| control field | 3111313 |
| 005 - DATE AND TIME OF LATEST TRANSACTION | |
| control field | 20090707093410.0 |
| 008 - FIXED-LENGTH DATA ELEMENTS--GENERAL INFORMATION | |
| fixed length control field | 730522s1958 nyua | 000 0 eng d |
| 010 ## - LIBRARY OF CONGRESS CONTROL NUMBER | |
| LC control number | 58011396 |
| 040 ## - CATALOGING SOURCE | |
| Original cataloging agency | DLC |
| Transcribing agency | DLC |
| Modifying agency | DLC |
| 043 ## - GEOGRAPHIC AREA CODE | |
| Geographic area code | n-us--- |
| 050 00 - LIBRARY OF CONGRESS CALL NUMBER | |
| Classification number | UA23 |
| Item number | .G53 |
| 082 00 - DEWEY DECIMAL CLASSIFICATION NUMBER | |
| Classification number | 355.4 |
| Edition number | 22 |
| Item number | GAV |
| 100 1# - MAIN ENTRY--PERSONAL NAME | |
| Personal name | Gavin, James M. |
| Fuller form of name | (James Maurice), |
| Dates associated with a name | 1907-1990. |
| 9 (RLIN) | 10033 |
| 245 10 - TITLE STATEMENT | |
| Title | War and Peace in the Space Age/ |
| Statement of responsibility, etc | James M. Gavin |
| 260 ## - PUBLICATION, DISTRIBUTION, ETC. (IMPRINT) | |
| Place of publication, distribution, etc | New York: |
| Name of publisher, distributor, etc | Harper, |
| Date of publication, distribution, etc | 1959 |
| 300 ## - PHYSICAL DESCRIPTION | |
| Extent | 287 p.: |
| Other physical details | ill. ; |
| Dimensions | 22 cm. |
| 500 ## - GENERAL NOTE | |
| General note | Includes index |
| 650 #0 - SUBJECT ADDED ENTRY--TOPICAL TERM | |
| Topical term or geographic name as entry element | World politics |
| Chronological subdivision | 1945-1989. |
| 9 (RLIN) | 10034 |
| 650 #0 - SUBJECT ADDED ENTRY--TOPICAL TERM | |
| Topical term or geographic name as entry element | Military history, Modern |
| Chronological subdivision | 20th century. |
| 9 (RLIN) | 10035 |
| 651 #0 - SUBJECT ADDED ENTRY--GEOGRAPHIC NAME | |
| Geographic name | United States |
| General subdivision | Military policy. |
| 9 (RLIN) | 10036 |
| 942 ## - ADDED ENTRY ELEMENTS (KOHA) | |
| Source of classification or shelving scheme | Dewey Decimal Classification |
| Item type | Book - Borrowing |
| Withdrawn status | Item status | Source of classification or shelving scheme | Damaged status | Not for loan | Vendor | Home library | Current library | Shelving location | Date acquired | Source of acquisition | Total Checkouts | Full call number | Barcode | Date last seen | Date last borrowed | Koha item type |
|---|---|---|---|---|---|---|---|---|---|---|---|---|---|---|---|---|
| Dewey Decimal Classification | Central Library | Central Library | First floor | 20/12/2009 | Donation | 1 | 355.4 GAV | 000019311 | 19/10/2025 | 15/10/2025 | Book - Borrowing |